000
00261nam a2200109Ia 4500
008
190216s9999||||xx |||||||||||||| ||und||
100
_a
William Shakespeare
245
4
_a
The Complete Work Shakespere
260
_b
Spring Books
650
_a
English
942
_c
BK
999
_c
12856
_d
12856